| 000 | 00490nam a2200169 a 4500 | ||
|---|---|---|---|
| 001 | 000034085 | ||
| 005 | 20200930070748.0 | ||
| 008 | 110923s2008 dr 000 0 spa d | ||
| 020 | _a9789592602366 | ||
| 040 |
_aDO-SdBNP _bspa _cBNPHU |
||
| 100 | 1 |
_aHahn, Óscar _959510 |
|
| 245 | 1 | 0 |
_aEn un abrir y cerrar de ojos / _cÓscar Harhn. |
| 260 |
_aLa habana : _bCasa de las Américas :, _c2008. |
||
| 300 |
_a45 p. ; _c23 cm. |
||
| 586 | _aPremio de poesía José Lezama Lima | ||
| 049 | _aBNPD | ||
| 999 |
_c33576 _d33576 |
||